000 00534nam a2200181Ia 4500
005 20250923144437.0
008 008 250917s9999 xx 000 0 eng d
037 _aTextual
040 _aDSWL
_beng
_cDSWL
041 _aeng
_2eng
084 _aY12:4:671g, F4
_qDSWL
100 _aGregg, A.J.
_9824962
245 0 _aGroup leaders and bad character
_cby A.J. Gregg
260 _aNew York
_b Association Press
_c1924
300 _a227 p.
942 _cTEXL
_hY12:4:671g, F4
999 _c1438958
_d1438958